Bones pràctiques d'incorporació del paisatge en el planejament urbanístic de Catalunya / Josep M. Mallarach i Eulàlia Comas (coord.)
ISBN:
84-9803-065-X
Descripción Física:
52 p. ; 30 cm + 1 CD_ROM
Colección:
Elements de debat territorial ; 22
MARC
| LEADER | 00000nam a2200000Ia 4500 | ||
|---|---|---|---|
| 001 | 17181 | ||
| 008 | 160829s2005 xx 000 0 cat d | ||
| 020 | |a 84-9803-065-X | ||
| 080 | |a M-5-271 | ||
| 245 | |a Bones pràctiques d'incorporació del paisatge en el planejament urbanístic de Catalunya / Josep M. Mallarach i Eulàlia Comas (coord.) | ||
| 260 | |a Barcelona : |b Diputació de Barcelona, |c 2005 | ||
| 300 | |a 52 p. ; |c 30 cm + 1 CD_ROM | ||
| 490 | |a Elements de debat territorial ; 22 | ||
| 650 | |a Catalunya |x Ordenació territorial |9 26572 | ||
| 650 | 0 | |a Paisatge |z Catalunya |9 8058 | |
| 650 | 0 | |a Urbanisme |z Catalunya |9 8059 | |
| 700 | |a Mallarach i Carrera, Josep Maria, coord. |9 26573 | ||
| 700 | |a Comas, Eulàlia, coord. |9 26574 | ||
| 901 | |a Arxiu | ||
| 942 | |n 1 | ||
| 952 | |0 0 |1 0 |4 0 |6 M5271 |7 1 |9 44062 |a Arxiu |b Arxiu |d 2016-12-01 |l 0 |o M-5-271 |p 17181 |r 2016-12-01 00:00:00 |w 2016-12-01 |y ARXIU | ||
| 999 | |c 46642 |d 46642 | ||